000 00453nam a2200193Ia 4500
008 240510s9999 xx 000 0 und d
020 _a9788126563227
041 _aEng
082 _a005.8
082 _bB35
100 _aBINNIE,CHRIS
245 0 _aLinux Server Security: Hack and Defend
260 _bNew Delhi:Wiley India (Pvt) Ltd.
260 _c2016
300 _a126 p.
650 _aData Security Linux
942 _2ddc
942 _cRBK
999 _c29266
_d29266
945 _a1
_bMadushi Gamage
_c1
_dMadushi Gamage